00698nam a2200241 a 4500001001300000003000900013005001700022008004100039020002400080082001900104100001800123245002700141260004400168300000900212500003500221505001000256650001800266700001800284902000800302942000700310952012200317999001700439nice12345678IN_TiNIC20260116014711.0111205s1986 lona grp 000 0 eng  a9780195051858c121800a305.40722bLER aLerner, Gerda aCreation of Patriarchy aLondan bOxford University Press c1986 a318p aincludes index and biblioraphy2 aIndex aWomen-History1 aLerner, Gerda bSRS cBK 001040708StackRoom-aHMIbHMId2012-05-30g1218.00l0o305.40722 LERp023741r2012-05-30v1218.00w2011-12-05yBK c16523d16523